000 00809cam a22002531 4500
001 2641348
003 OSt
005 20230605124908.0
008 760202s1965 mau b 000 0 eng
010 _a 65018197
040 _aDLC
_cMRI
_dDLC
_dInU
_dDLC
082 0 0 _a328.730773
_bDIC
100 1 _aDickerson, F. Reed
_q(Frederick Reed),
_d1909-1991.
245 1 4 _aThe fundamentals of legal drafting,
_cby Reed Dickerson.
260 _aBoston,
_bPublished for American Bar Foundation by Little, Brown,
_c1965.
300 _axx, 203 p.
_c24 cm.
504 _aBibliographical footnotes.
650 0 _aLegal composition.
650 0 _aBill drafting
_zUnited States.
710 2 _aAmerican Bar Foundation.
740 0 _aLegal drafting.
906 _a7
_bcbc
_corignew
_du
_eocip
_f19
_gy-gencatlg
942 _2ddc
_cBK
999 _c396
_d396